000 00316nam a22001337a 4500
008 171101b xxu||||| |||| 00| 0 eng d
020 _a9780534120900
041 _aeng
080 _22ND
_a33
100 _a59
101 _aBUS
245 _aCONTEMPORARY ISSUES IN BUSINESS ETHICS
_cDESJARDINS,J.R
942 _2udc
_cBK
999 _c36930
_d36930